Jíme zdravě : velikonoční speciál /
Inspirace na přípravu zdravých velikonočních pokrmů - hlavní jídlo na sváteční tabuli, jarní pomazánky, velikonoční dobroty a sladké pečivo jako jidáše, beránek, mazanec, šátečky, mrkvový dort, slané velikonoční pohoštění atp.
Uloženo v:
| Série: | Jíme zdravě,
část 11 |
|---|---|
| Korporativní autor: | |
| Další autoři: | |
| Médium: | E-kniha |
| Jazyk: | Czech |
| Vydáno: |
Praha :
Verdon Capite s.r.o.,
[2021]
|
| Témata: | |
| Příbuzné jednotky: | Z cyklu::
Jíme zdravě |
| Tagy: |
Žádné tagy |
| LEADER | 02272nam a2200481 i 4500 | ||
|---|---|---|---|
| 001 | 311301 | ||
| 003 | CZ PrSKC | ||
| 005 | 20260601215703.0 | ||
| 007 | ta | ||
| 008 | 210212t20212021xr a e f 000 0 cze | ||
| 015 | |a cnb003307657 | ||
| 020 | |a 9788088387107 |q (brožováno) | ||
| 035 | |a (OCoLC)1260123427 | ||
| 040 | |a OLA001 |b cze |e rda | ||
| 072 | 7 | |a 641 |x Kuchařství. Potraviny. Vařená jídla |2 Konspekt | |
| 080 | |a 641.56:398.332.12 |2 MRF | ||
| 080 | |a 613.2 |2 MRF | ||
| 080 | |a (083.12) |2 MRF | ||
| 245 | 0 | 0 | |a Jíme zdravě : |b velikonoční speciál / |c autoři receptů - tým Jíme zdravě ; fotografie receptů a obálky - Barbora Lundgren |
| 246 | 3 | |a Velikonoční speciál Jíme zdravě | |
| 264 | 1 | |a Praha : |b Verdon Capite s.r.o., |c [2021] | |
| 264 | 4 | |c ©2021 | |
| 300 | |a 86 stran : |b barevné ilustrace ; |c 24 cm | ||
| 336 | |a text |b txt |2 rdacontent | ||
| 336 | |a statický obraz |b sti |2 rdacontent | ||
| 337 | |a bez média |b n |2 rdamedia | ||
| 338 | |a svazek |b nc |2 rdacarrier | ||
| 500 | |a Obálkový podnázev: 34 zdravých receptů na českou velikonoční klasiku ve 4 kapitolách | ||
| 520 | 2 | |a Inspirace na přípravu zdravých velikonočních pokrmů - hlavní jídlo na sváteční tabuli, jarní pomazánky, velikonoční dobroty a sladké pečivo jako jidáše, beránek, mazanec, šátečky, mrkvový dort, slané velikonoční pohoštění atp. | |
| 650 | 0 | 7 | |a velikonoční jídla |7 ph116561 |2 czenas |
| 650 | 0 | 7 | |a racionální výživa |7 ph124968 |2 czenas |
| 650 | 0 | 9 | |a Easter cookery |2 eczenas |
| 650 | 0 | 9 | |a rational nutrition |2 eczenas |
| 655 | 7 | |a kuchařské recepty |7 fd132687 |2 czenas | |
| 655 | 9 | |a cookbooks |2 eczenas | |
| 700 | 1 | |a Lundgren, Barbora, |d 1996- |7 hka2017961099 |4 pht | |
| 710 | 2 | |a Jíme zdravě (autorský tým) |7 xx0249438 |4 aut | |
| 787 | 0 | 8 | |i Z cyklu: |t Jíme zdravě |g 11 |
| 900 | |a ABA001 |b 19 | ||
| 044 | |a xr | ||
| 910 | |a RBIT002 | ||
| 998 | |d 314642 |a https://core.palmknihy.cz/api/books/314642/cover?qqlepl |b https://core.palmknihy.cz/api/books/314642/cover/400?qqlepl |c https://core.palmknihy.cz/api/books/314642/cover/50?qqlepl |e 2035-04-06 |g 96 |i 9788088387107 |k https://core.palmknihy.cz/api/books/314642/preview.pdf |l |q 49 |r 1 |s https://www.palmknihy.cz/kniha/314642 |t ebook |y 2021 |z 0 |v Jíme zdravě |w 1 | ||
| 999 | |d 311299 | ||